[Event "ROM-ch U10"]
[Site "Calimanesti"]
[Date "2018.04.02"]
[Round "8"]
[White "Slobozeanu, Robert Lucian"]
[Black "Lefter, Albert"]
[Result "1/2-1/2"]
[WhiteElo "1005"]
[BlackElo "1109"]
[PlyCount "67"]
[EventDate "2018.03.27"]
[EventType "swiss"]
[EventRounds "9"]
[EventCountry "ROU"]
[SourceTitle "CBM 183 Extra"]
[Source "ChessBase"]
[SourceDate "2018.04.19"]
[SourceVersion "1"]
[SourceVersionDate "2018.04.19"]
[SourceQuality "1"]

1. d4 d5 2. Nf3 Nf6 3. g3 Bg4 4. Bg2 e6 5. b3 c5 6. Bb2 Nbd7 7. Nbd2 Be7 8. 0-0 0-0 9. e3 Ne4 10. h3 Bh5 11. Re1 Ndf6 12. c4 cxd4 13. exd4 Bb4 14. Bc1 Bg6 15. a3 Nc3 16. axb4 Nxd1 17. Rxd1 Rc8 18. Bb2 a6 19. Ne5 Nd7 20. Nxg6 hxg6 21. Rac1 Re8 22. Nf3 f6 23. Kh2 Qe7 24. c5 e5 25. dxe5 Nxe5 26. Nxe5 fxe5 27. Bxd5+ Kh8 28. Rc4 Rcd8 29. Rh4+ Qxh4 30. gxh4 Re7 31. Bf3 Rf8 32. Bg2 Rxf2 33. Rd8+ Kh7 34. Bc1 1/2-1/2

[Event "ROM-ch U10"]
[Site "Calimanesti"]
[Date "2018.03.31"]
[Round "6"]
[White "Stancu, Iustin Luca"]
[Black "Slobozeanu, Robert Lucian"]
[Result "1-0"]
[WhiteElo "1105"]
[BlackElo "1005"]
[PlyCount "81"]
[EventDate "2018.03.27"]
[EventType "swiss"]
[EventRounds "9"]
[EventCountry "ROU"]
[SourceTitle "CBM 183 Extra"]
[Source "ChessBase"]
[SourceDate "2018.04.19"]
[SourceVersion "1"]
[SourceVersionDate "2018.04.19"]
[SourceQuality "1"]

1. d4 Nf6 2. Nf3 g6 3. g3 Bg7 4. Bg2 0-0 5. 0-0 d6 6. Bf4 Nbd7 7. c4 e5 8. dxe5 dxe5 9. Nxe5 Nxe5 10. Bxe5 c6 11. Nc3 Be6 12. b3 Nd7 13. Bxg7 Kxg7 14. Qd4+ Nf6 15. Qe3 Qa5 16. Rfd1 Rad8 17. Rd2 Rxd2 18. Qxd2 Re8 19. Qb2 Bf5 20. b4 Qa6 21. a4 Qxc4 22. e3 Rd8 23. b5 Rd3 24. Rc1 Qe6 25. bxc6 bxc6 26. Rd1 Qc4 27. Rxd3 Qxd3 28. Bxc6 Ne4 29. Nxe4+ Kh6 30. Qd4 Qa6 31. Bd7 Bxe4 32. Qxe4 Qd6 33. Qd4 Qc7 34. Bb5 f5 35. Qf4+ Qxf4 36. exf4 Kh5 37. h4 Kh6 38. Kf1 Kh5 39. f3 Kh6 40. Ke2 Kh5 41. Bd3 1-0

[Event "ROM-ch U10"]
[Site "Calimanesti"]
[Date "2018.03.29"]
[Round "3"]
[White "Slobozeanu, Robert Lucian"]
[Black "Popescu, Alexandru Mihai"]
[Result "0-1"]
[WhiteElo "1005"]
[BlackElo "1123"]
[PlyCount "62"]
[EventDate "2018.03.27"]
[EventType "swiss"]
[EventRounds "9"]
[EventCountry "ROU"]
[SourceTitle "CBM 183 Extra"]
[Source "ChessBase"]
[SourceDate "2018.04.19"]
[SourceVersion "1"]
[SourceVersionDate "2018.04.19"]
[SourceQuality "1"]

1. d4 d5 2. Nf3 Nf6 3. g3 Nc6 4. Bg2 Bg4 5. Nc3 e6 6. 0-0 Bd6 7. Bg5 h6 8. Bxf6 Qxf6 9. Re1 0-0-0 10. e4 dxe4 11. Nxe4 Bxf3 12. Nxf6 Bxd1 13. Raxd1 gxf6 14. c4 Be7 15. d5 exd5 16. cxd5 Ne5 17. f4 Ng6 18. Be4 Bc5+ 19. Kg2 h5 20. Rc1 Bd6 21. Bf5+ Kb8 22. Re2 h4 23. Bxg6 fxg6 24. Re6 Rhf8 25. Rf1 hxg3 26. hxg3 Kc8 27. f5 gxf5 28. Rxf5 Be5 29. Kf3 Rxd5 30. Ke4 c6 31. g4 Kd7 0-1